000 00503nam a2200217Ia 4500
003 GCL
008 140319s9999 xx 000 0 eng d
040 _aGCL /
_cGCL
082 0 4 _aCC
_b930.1
_bA P
100 1 _aAL-AHRAM
245 1 0 _aTHE PYRAMIDS /
_cAL-AHRAM
260 _a[S.N] :
_bAL AHRAM\ EL SEVIER
300 _a49 PH
650 0 4 _aHISTORIANS
650 0 4 _aANCIENT EGYPT
650 0 4 _aHISTORY
650 0 4 _aARCHAEOLOGY
650 0 4 _aEGYPTOLOGY
650 0 4 _aPYRAMIDS
942 _2ddc
_cBK
999 _c16159
_d16159